Rýchly talent manažment eliminujte zložitosť, pridajte hodnotu
Gespeichert in:
| 1. Verfasser: | |
|---|---|
| Weitere Verfasser: | , |
| Format: | Buch |
| Sprache: | Slowakisch |
| Veröffentlicht: |
Bratislava
Eastone Books
2011
|
| Schriftenreihe: | Knižná edícia Nadácie Tatra banky
|
| Schlagworte: | |
| Tags: |
Keine Tags, Fügen Sie das erste Tag hinzu!
|
MARC
| LEADER | 00000nam a2200000 4500 | ||
|---|---|---|---|
| 001 | 0129552 | ||
| 005 | 20230116073022.8 | ||
| 020 | |a 978-80-8109-168-1 | ||
| 041 | 0 | |a slo | |
| 044 | |a SK | ||
| 245 | 1 | 0 | |a Rýchly talent manažment |b eliminujte zložitosť, pridajte hodnotu |c Marc Effron, Miriam Ort |
| 264 | 1 | |a Bratislava |b Eastone Books |c 2011 | |
| 300 | |a 194 s. | ||
| 490 | 1 | |a Knižná edícia Nadácie Tatra banky | |
| 830 | 0 | |a Knižná edícia Nadácie Tatra banky | |
| 610 | 2 | 0 | |a manažment |
| 610 | 2 | 0 | |a talent manažment |
| 610 | 2 | 0 | |a manažment inovačný |
| 610 | 2 | 0 | |a riadenie |
| 610 | 2 | 0 | |a riadenie ľudských zdrojov |
| 610 | 2 | 0 | |a vodcovstvo |
| 610 | 2 | 0 | |a lídri |
| 610 | 2 | 0 | |a manažéri |
| 610 | 2 | 0 | |a výkonnosť |
| 610 | 2 | 0 | |a talenty |
| 610 | 2 | 0 | |a potenciál ľudský |
| 610 | 2 | 0 | |a kultúra podniková |
| 610 | 2 | 0 | |a motivácia pracovná |
| 610 | 2 | 0 | |a odmeňovanie |
| 610 | 2 | 0 | |a kompetencie |
| 610 | 2 | 0 | |a zodpovednosť |
| 610 | 2 | 0 | |a zodpovednosť pracovníka |
| 100 | 1 | |a Effron, Marc | |
| 700 | 1 | |a Ort, Miriam | |
| 700 | 1 | |a Sýkorčinová, Adriana | |